000 00666nam a2200229Ia 4500
001 17114
003 GE_BSU
008 181216s||||||||xx |||||||||||||| ||und||
040 _cGE_BSU
080 _a821.353.1-1
100 _aარაბული, ირაკლი
245 _aთამარის მონატრება
245 _bლექსები
245 _cრედ.ე.ჩიკაშუა
260 _aთბილისი
260 _bმერანი
260 _c1991
300 _a315გვ. ; 16სმ.
653 _aთამარის მონატრება
653 _aლექსები
942 _cBK
999 _c50176
_d50176